[Event "Olympiad-40"]
[Site "Istanbul"]
[Date "2012.09.03"]
[Round "6.3"]
[White "Nguyen, Duc Hoa"]
[Black "Labib, Ibrahim Hasan"]
[Result "1/2-1/2"]
[WhiteElo "2505"]
[BlackElo "2429"]
[PlyCount "124"]
[EventDate "2012.08.28"]
[EventType "team-swiss"]
[EventRounds "11"]
[EventCountry "TUR"]
[SourceTitle "CBM 151"]
[Source "ChessBase"]
[SourceDate "2012.11.13"]
[SourceVersion "1"]
[SourceVersionDate "2012.11.13"]
[SourceQuality "1"]
[WhiteTeam "Vietnam"]
[BlackTeam "Egypt"]
[WhiteTeamCountry "VIE"]
[BlackTeamCountry "EGY"]

1. d4 Nf6 2. c4 e6 3. Nf3 Bb4+ 4. Bd2 a5 5. g3 d6 6. Bg2 Nbd7 7. 0-0 e5 8. Nc3 exd4 9. Nxd4 0-0 10. Rc1 Re8 11. Nd5 Nxd5 12. cxd5 Bc5 13. Bc3 Bb6 14. Qc2 Ne5 15. Nf3 Nxf3+ 16. Bxf3 Qg5 17. Rfd1 Bg4 18. Bd4 Bxf3 19. exf3 h5 20. h4 Qe7 21. Kg2 Ra6 22. Qf5 g6 23. Qf4 Bxd4 24. Rxd4 Qd7 25. Qf6 Re5 26. Re4 Rxe4 27. fxe4 c6 28. Rd1 Qe8 29. f3 cxd5 30. Rxd5 Qa4 31. Rxd6 Qc2+ 32. Kh3 Rxd6 33. Qxd6 Qb1 34. Qd8+ Kh7 35. g4 hxg4+ 36. Kxg4 Qxa2 37. h5 Qe6+ 38. Kf4 b6 39. hxg6+ Qxg6 40. e5 Kg7 41. Ke3 Qg1+ 42. Ke4 Qe1+ 43. Kf5 Qb1+ 44. Kf4 Qc1+ 45. Kf5 Qc2+ 46. Kf4 Qc6 47. Qg5+ Qg6 48. Qxg6+ Kxg6 49. Ke4 a4 50. f4 b5 51. f5+ Kg5 52. e6 fxe6 53. fxe6 Kf6 54. Kd5 Ke7 55. Kc5 Kxe6 56. Kxb5 a3 57. bxa3 Kd7 58. Kb6 Kc8 59. a4 Kb8 60. a5 Ka8 61. a6 Kb8 62. a7+ Ka8 1/2-1/2